000 00337pam a2200157a 44500
008 230515b2008 xxu||||| |||| 00| 0 eng d
020 _aNULL
041 _aMARATHI
082 _a830 SHI
100 _aPINGALE V D
245 _aKRANTIGURU LAHUGI VASTAD
250 _a1
260 _aNULL
_bNA
_c2008
300 _a48
650 _aNULL
999 _c640963
_d640963